Vista normal
Vista MARC
Entrada Término temático
Número de registros utilizados en: 64
001 - CONTROL NUMBER
- control field: 370
003 - CONTROL NUMBER IDENTIFIER
- control field: PE SENCICO BE
005 - DATE AND TIME OF LATEST TRANSACTION
- control field: 20260220190611.0
008 - FIXED-LENGTH DATA ELEMENTS
- fixed length control field: 260220|| aca||babn | a|a d
040 ## - CATALOGING SOURCE
- Original cataloging agency: PE SENCICO BE
150 ## - HEADING--TOPICAL TERM
- Topical term or geographic name entry element: Desastres naturales